[Event "España ch Sel. Autonomicas"]
[Site "Calvia ESP"]
[Date "2007.05.03"]
[Round "1.11"]
[White "Rivas Pastor, Manuel"]
[Black "Lopez Martinez, Josep Manuel"]
[Result "1-0"]
[PlyCount "145"]
[EventDate "2007.05.03"]
[EventType "team"]
[EventRounds "5"]
[EventCountry "ESP"]
[Source "lmi"]
[SourceDate "2007.05.03"]
[WhiteElo "2496"]
[BlackElo "2563"]

1. e4 e5 2. Nf3 Nc6 3. Bc4 Nf6 4. d3 Be7 5. Nc3 d6 6. a3 O-O 7. h3 Be6 8. O-O
d5 9. exd5 Nxd5 10. Qe1 Nxc3 11. Bxe6 Nd5 12. Bxd5 Qxd5 13. Qe4 Qc5 14. Qa4 Qd5
15. Re1 Rad8 16. Qe4 f6 17. Qxd5+ Rxd5 18. Be3 Rfd8 19. Kf1 Kf7 20. g4 Bc5 21.
Nd2 Bd4 22. Rab1 Ne7 23. Ne4 Rb5 24. b4 Rb6 25. b5 Ng6 26. Rb4 Ne7 27. a4 a6
28. Bxd4 Rxd4 29. Reb1 Nd5 30. Rxd4 exd4 31. Rb3 axb5 32. a5 Rc6 33. Rxb5 Nf4
34. Rc5 Ra6 35. Rxc7+ Kf8 36. Rc5 Nxh3 37. Rb5 Nf4 38. Nc5 Rc6 39. Ke1 Ne6 40.
Nxe6+ Rxe6+ 41. Kd2 Re5 42. Rxb7 Rxa5 43. Rd7 Ra4 44. Ke2 Ra2 45. Rc7 Ra5 46.
Rc4 Rd5 47. Kf3 f5 48. gxf5 Rxf5+ 49. Kg3 Rd5 50. Kf4 g6 51. Ke4 Rf5 52. f4 h5
53. Rxd4 Ke7 54. Ra4 Rb5 55. Ra7+ Kf6 56. c4 Rb1 57. Ra6+ Kf7 58. d4 h4 59.
Ra7+ Ke6 60. d5+ Kf6 61. Ra6+ Kf7 62. Ra3 Rh1 63. Ra7+ Kf6 64. Kf3 Rc1 65. Rc7
Rc3+ 66. Ke4 Rc1 67. Kd4 Rf1 68. d6 h3 69. Rh7 Ke6 70. Kc5 Rxf4 71. Rxh3 Kd7
72. Rh7+ Kd8 73. Kd5 1-0

[Event "España ch Sel. Autonomicas"]
[Site "Calvia ESP"]
[Date "2007.05.03"]
[Round "1.12"]
[White "Narciso Dublan, Marc"]
[Black "Rodriguez Guerrero, Enrique"]
[Result "1-0"]
[PlyCount "70"]
[EventDate "2007.05.03"]
[EventType "team"]
[EventRounds "5"]
[EventCountry "ESP"]
[Source "lmi"]
[SourceDate "2007.05.03"]
[WhiteElo "2539"]
[BlackElo "2446"]

1. d4 Nf6 2. c4 c5 3. d5 b5 4. cxb5 a6 5. bxa6 g6 6. Nc3 Bxa6 7. e4 Bxf1 8.
Kxf1 d6 9. g3 Bg7 10. Kg2 O-O 11. Nge2 Qb6 12. Rb1 Na6 13. f3 e6 14. dxe6 fxe6
15. Bg5 Qc6 16. Qd2 Rad8 17. Rhd1 Rd7 18. Nf4 Nc7 19. Qc2 Rff7 20. Qa4 Qb7 21.
b4 c4 22. b5 Nfe8 23. b6 Na6 24. Qxc4 h6 25. Qxe6 Nc5 26. Qxe8+ Kh7 27. Ne6
Bxc3 28. Nxc5 dxc5 29. Rxd7 Rxd7 30. Bf4 Bg7 31. Qxd7 Qxd7 32. b7 Be5 33. Bxe5
Qd2+ 34. Kh3 Qd7+ 35. g4 Qd5 1-0

[Event "España ch Sel. Autonomicas"]
[Site "Calvia ESP"]
[Date "2007.05.03"]
[Round "1.13"]
[White "Fernandez Romero, Ernesto"]
[Black "Romero Holmes, Alfonso"]
[Result "1/2-1/2"]
[PlyCount "49"]
[EventDate "2007.05.03"]
[EventType "team"]
[EventRounds "5"]
[EventCountry "ESP"]
[Source "lmi"]
[SourceDate "2007.05.03"]
[WhiteElo "2437"]
[BlackElo "2517"]

1. e4 c5 2. Nf3 d6 3. d4 cxd4 4. Nxd4 Nf6 5. Nc3 Nc6 6. Bg5 e6 7. Qd2 Be7 8.
O-O-O Qb6 9. f3 Qxd4 10. Qxd4 Nxd4 11. Rxd4 a6 12. Be2 Rb8 13. Rhd1 Bd7 14.
R4d2 h6 15. Bf4 e5 16. Be3 Rc8 17. a4 Be6 18. Kb1 O-O 19. g4 Ne8 20. Nd5 Bxd5
21. Rxd5 Nc7 22. R5d3 Ne6 23. Rb3 Rc7 24. Rb6 Rfc8 25. Rd2 1/2-1/2

[Event "España ch Sel. Autonomicas"]
[Site "Calvia ESP"]
[Date "2007.05.03"]
[Round "1.14"]
[White "Fluvia Poyatos, Jordi"]
[Black "Camacho Collados, Jose"]
[Result "1-0"]
[PlyCount "93"]
[EventDate "2007.05.03"]
[EventType "team"]
[EventRounds "5"]
[EventCountry "ESP"]
[Source "lmi"]
[SourceDate "2007.05.03"]
[WhiteElo "2478"]
[BlackElo "2308"]

1. e4 e5 2. Nf3 Nf6 3. Nxe5 d6 4. Nf3 Nxe4 5. Nc3 Nxc3 6. dxc3 Be7 7. Bf4 O-O
8. Qd2 Nd7 9. O-O-O Nc5 10. h4 Qe8 11. Re1 Be6 12. a3 d5 13. Ng5 h6 14. Nxe6
fxe6 15. f3 c6 16. g3 Qf7 17. Bh3 e5 18. Bxe5 Qxf3 19. Bxg7 Rf7 20. Rhf1 Qh5
21. Qxh6 Qxh6+ 22. Bxh6 Rxf1 23. Rxf1 Ne4 24. Bf4 Rf8 25. Bg2 Nf6 26. Bf3 Kh7
27. Re1 Bc5 28. b4 Bf2 29. Re2 Bb6 30. Re7+ Kg6 31. Rxb7 Re8 32. Kd2 Bf2 33.
Rc7 Re6 34. c4 Kf5 35. Rg7 Ne4+ 36. Bxe4+ Kxe4 37. cxd5 cxd5 38. Ke2 Bd4 39.
Rc7 Ra6 40. h5 Rxa3 41. h6 Ra1 42. h7 Rh1 43. Re7+ Kf5 44. Kd3 Rd1+ 45. Bd2 Bf6
46. Rf7 Rh1 47. Rxf6+ 1-0

[Event "España ch Sel. Autonomicas"]
[Site "Calvia ESP"]
[Date "2007.05.03"]
[Round "1.15"]
[White "Camacho Collados, Marcos"]
[Black "Aloma Vidal, Robert"]
[Result "1-0"]
[PlyCount "103"]
[EventDate "2007.05.03"]
[EventType "team"]
[EventRounds "5"]
[EventCountry "ESP"]
[Source "lmi"]
[SourceDate "2007.05.03"]
[WhiteElo "2180"]
[BlackElo "2321"]

1. e4 c5 2. Nf3 e6 3. d3 Nc6 4. g3 d5 5. Nbd2 g6 6. Bg2 Bg7 7. O-O Nge7 8. Re1
h6 9. h4 b6 10. Nf1 dxe4 11. dxe4 Ba6 12. c3 O-O 13. Qa4 Bd3 14. Rd1 b5 15. Qa6
Rb8 16. Ne1 Rb6 17. Qa3 c4 18. Nxd3 cxd3 19. Be3 Rb8 20. Bf4 e5 21. Be3 Qd7 22.
Bc5 Rfd8 23. Ne3 Bf8 24. Nd5 Nxd5 25. exd5 b4 26. cxb4 Nxb4 27. Bxb4 Rxb4 28.
Qxd3 Rxb2 29. h5 Qf5 30. Qxf5 gxf5 31. Rac1 Rxa2 32. Bh3 Ra5 33. Rc7 Bd6 34.
Rc6 Bf8 35. d6 e4 36. Bf1 Kg7 37. Bc4 Kf6 38. Kf1 Ke5 39. d7 f4 40. Bxf7 fxg3
41. Re6+ Kf4 42. Re8 Rxd7 43. Rxd7 Kf3 44. Ba2 g2+ 45. Kg1 Rf5 46. Bb1 Rf6 47.
Bxe4+ Kg4 48. Bxg2 Kxh5 49. Rxa7 Rf5 50. Be4 Rg5+ 51. Kf1 Bc5 52. Ra6 1-0

[Event "España ch Sel. Autonomicas"]
[Site "Calvia ESP"]
[Date "2007.05.03"]
[Round "1.16"]
[White "Llaneza Vega, Patricia"]
[Black "Guadamuro Torrente, Ana Isabel"]
[Result "1/2-1/2"]
[PlyCount "86"]
[EventDate "2007.05.03"]
[EventType "team"]
[EventRounds "5"]
[EventCountry "ESP"]
[Source "lmi"]
[SourceDate "2007.05.03"]
[WhiteElo "2249"]
[BlackElo "2091"]

1. e4 e5 2. Nf3 Nc6 3. d4 exd4 4. Nxd4 Bb4+ 5. c3 Bc5 6. Be3 Bb6 7. Nf5 Qf6 8.
Na3 Nge7 9. Bxb6 axb6 10. Nb5 O-O 11. Nxc7 Ra5 12. Ne3 Qe5 13. Ncd5 Qxe4 14.
Nxb6 d5 15. Nxc8 Rxc8 16. Bd3 Qh4 17. O-O d4 18. cxd4 Nxd4 19. Qg4 Qxg4 20.
Nxg4 Nd5 21. Rfd1 Nf4 22. Kf1 Nxd3 23. Rxd3 Ne6 24. Ne3 Rca8 25. a3 Rb5 26. Rd2
h6 27. Rc1 Ra6 28. Rc3 Rab6 29. b4 Rc6 30. Rxc6 bxc6 31. Nc4 c5 32. Rd5 Rb8 33.
Rd1 cxb4 34. Rb1 b3 35. g3 Nc5 36. Nd2 Kf8 37. Ke2 Ke7 38. Ke3 Ra8 39. Kd4 Ne6+
40. Ke3 Rxa3 41. Rxb3 Rxb3+ 42. Nxb3 f6 43. Nd2 Nc5 1/2-1/2

[Event "España ch Sel. Autonomicas"]
[Site "Calvia ESP"]
[Date "2007.05.03"]
[Round "1.21"]
[White "Salgado Lopez, Ivan"]
[Black "Gomez Esteban, Juan Mario"]
[Result "1/2-1/2"]
[PlyCount "139"]
[EventDate "2007.05.03"]
[EventType "team"]
[EventRounds "5"]
[EventCountry "ESP"]
[Source "lmi"]
[SourceDate "2007.05.03"]
[WhiteElo "2461"]
[BlackElo "2508"]

1. e4 e6 2. d4 d5 3. Nc3 dxe4 4. Nxe4 Nd7 5. Bd3 Ngf6 6. Qe2 c5 7. Nxf6+ Nxf6
8. dxc5 Bxc5 9. Bg5 h6 10. Bb5+ Ke7 11. Bxf6+ gxf6 12. Nf3 Rg8 13. O-O Qd5 14.
Rad1 Qh5 15. g3 a6 16. Bc4 b6 17. Qe4 Ra7 18. Nd4 Bb7 19. Nc6+ Bxc6 20. Qxc6
Qe5 21. Rfe1 Rc7 22. Qf3 Qxb2 23. Rxe6+ fxe6 24. Qe4 Rxg3+ 25. hxg3 Qe5 26.
Qh7+ Ke8 27. Qg8+ Ke7 28. Bxe6 Bxf2+ 29. Kf1 Bd4 30. Re1 Be3 31. Rd1 Bd4 32.
Re1 Be3 33. Bg4 f5 34. Bh5 f4 35. Rd1 Bd4 36. Qh7+ Kd6 37. Qd3 Qxh5 38. Qxd4+
Kc6 39. Qe4+ Kc5 40. Qd4+ Kc6 41. Qe4+ Kc5 42. Rd3 b5 43. a4 Kb6 44. gxf4 Qc5
45. axb5 axb5 46. Qe8 Qxc2 47. Qb8+ Ka5 48. Qa8+ Kb4 49. Qa3+ Kc4 50. Rd6 Qb1+
51. Kf2 Qc2+ 52. Kf1 b4 53. Qe3 Qb1+ 54. Kf2 Qc2+ 55. Kf1 Qb1+ 56. Kf2 Qc2+ 57.
Rd2 Qc3 58. Qe2+ Kb3 59. Rd3 Rc4 60. Ke3 Rc5 61. Rxc3+ bxc3 62. Kd4 c2 63. Qe3+
Kb4 64. Qc1 Rc4+ 65. Kd3 Kb3 66. f5 Rc6 67. Kd2 h5 68. Ke2 h4 69. Qe3+ Kb2 70.
Qd4+ 1/2-1/2

[Event "España ch Sel. Autonomicas"]
[Site "Calvia ESP"]
[Date "2007.05.03"]
[Round "1.22"]
[White "Argandoña Rivero, Iñigo"]
[Black "Lariño Nieto, David"]
[Result "0-1"]
[PlyCount "102"]
[EventDate "2007.05.03"]
[EventType "team"]
[EventRounds "5"]
[EventCountry "ESP"]
[Source "lmi"]
[SourceDate "2007.05.03"]
[WhiteElo "2400"]
[BlackElo "2404"]

1. d4 e6 2. c4 d5 3. Nc3 c5 4. e3 Nf6 5. Nf3 Nc6 6. a3 a6 7. b3 cxd4 8. exd4
Ne4 9. Qc2 Nxc3 10. Qxc3 dxc4 11. bxc4 Be7 12. Bb2 Bf6 13. Rd1 Bd7 14. Qc2 Qa5+
15. Rd2 Rc8 16. Bd3 Ne7 17. O-O Bc6 18. Ne5 Bxe5 19. dxe5 Ba4 20. Bc3 Bxc2 21.
Bxa5 Bxd3 22. Rxd3 Nc6 23. Bc3 Ke7 24. Rfd1 Rhd8 25. Rd6 Rxd6 26. exd6+ Kd7 27.
c5 f6 28. Rb1 Nd8 29. Bd4 e5 30. Be3 Rc6 31. a4 Kc8 32. a5 Ne6 33. Rc1 Kd7 34.
f3 Rc8 35. g4 Nd8 36. Rb1 Rb8 37. Kg2 Nc6 38. Bd2 Ke6 39. Ra1 Nd4 40. Rb1 Kd5
41. Bb4 Nc2 42. Bd2 Nd4 43. Bb4 Nc6 44. Kg3 Rd8 45. Be1 Rd7 46. Rc1 Nd4 47. Kg2
Nb3 48. Rb1 Nxc5 49. Rd1+ Kc6 50. Bf2 Nb3 51. Rd3 Nxa5 0-1

[Event "España ch Sel. Autonomicas"]
[Site "Calvia ESP"]
[Date "2007.05.03"]
[Round "1.23"]
[White "Reinaldo Castiñeira, Roi"]
[Black "Gonzalez De La Torre, Santiago"]
[Result "1-0"]
[PlyCount "65"]
[EventDate "2007.05.03"]
[EventType "team"]
[EventRounds "5"]
[EventCountry "ESP"]
[Source "lmi"]
[SourceDate "2007.05.03"]
[WhiteElo "2452"]
[BlackElo "2388"]

1. e4 e5 2. Nf3 d6 3. d4 exd4 4. Nxd4 Nf6 5. Nc3 Be7 6. g3 d5 7. e5 Ng4 8. Bg2
c6 9. Bf4 Qb6 10. O-O Qxb2 11. Na4 Qb4 12. c3 Qa5 13. Rb1 Na6 14. c4 Nc7 15. h3
Nh6 16. Bd2 Qa6 17. cxd5 cxd5 18. Rc1 Ne6 19. Nxe6 Bxe6 20. Bxh6 gxh6 21. Nc5
Bxc5 22. Rxc5 Rd8 23. Qd2 d4 24. Rc7 O-O 25. Bxb7 Qb6 26. Rfc1 Bxh3 27. R1c6
Qb1+ 28. Kh2 Bf5 29. Rxh6 d3 30. e6 Rb8 31. exf7+ Kg7 32. Rh5 Rxb7 33. Qh6+ 1-0

[Event "España ch Sel. Autonomicas"]
[Site "Calvia ESP"]
[Date "2007.05.03"]
[Round "1.24"]
[White "Alonso Arburu, Juan Ignacio"]
[Black "Caselas Cabanas, Jacobo"]
[Result "1-0"]
[PlyCount "135"]
[EventDate "2007.05.03"]
[EventType "team"]
[EventRounds "5"]
[EventCountry "ESP"]
[Source "lmi"]
[SourceDate "2007.05.03"]
[WhiteElo "2337"]
[BlackElo "2423"]

1. e4 e6 2. d3 d5 3. Nd2 Nf6 4. g3 dxe4 5. dxe4 e5 6. Bg2 Bc5 7. Ngf3 Nc6 8.
O-O O-O 9. h3 b6 10. Qe2 a5 11. Nb3 Ba6 12. c4 Be7 13. Be3 a4 14. Nbd2 Nd7 15.
Rfd1 Qc8 16. Nb1 Na5 17. Nfd2 Bb4 18. a3 Bc5 19. Bf1 Bxe3 20. Qxe3 Nc5 21. Nc3
c6 22. Nxa4 Nxa4 23. b3 Nc5 24. b4 Ne6 25. Qxb6 Nb7 26. b5 Nbc5 27. bxa6 Rxa6
28. Qb4 Qc7 29. Nb3 Rb6 30. Nxc5 Rxb4 31. axb4 Nd4 32. Ra6 Qd6 33. Nd3 Qf6 34.
b5 Qf3 35. Re1 cxb5 36. cxb5 Qh5 37. Rb1 Nf3+ 38. Kg2 Nd2 39. g4 Qg5 40. Rb4 h5
41. Be2 Rd8 42. b6 Qf6 43. Ra2 Rxd3 44. b7 Rd8 45. Rxd2 Rb8 46. Rc2 Kh7 47. Rc8
Qd6 48. Rb5 hxg4 49. hxg4 f6 50. Rxb8 Qxb8 51. Bc4 Kh6 52. Bd5 Kg5 53. Rc5 Qd8
54. Rc8 Qd7 55. Rc3 Qd8 56. Rb3 Qb8 57. Kg3 g6 58. Be6 Kh6 59. Kh4 Kg7 60. Bd5
Kh6 61. Rb6 Kg7 62. Ra6 Qh8+ 63. Kg3 Qh6 64. Ra3 Qh1 65. b8=Q Qg1+ 66. Kf3 Qf1
67. g5 Qh3+ 68. Ke2 1-0

[Event "España ch Sel. Autonomicas"]
[Site "Calvia ESP"]
[Date "2007.05.03"]
[Round "1.25"]
[White "Larrosa Vila, Jose"]
[Black "Martin Alvarez, Iñigo"]
[Result "1-0"]
[PlyCount "97"]
[EventDate "2007.05.03"]
[EventType "team"]
[EventRounds "5"]
[EventCountry "ESP"]
[Source "lmi"]
[SourceDate "2007.05.03"]
[WhiteElo "2243"]
[BlackElo "2173"]

1. d4 d6 2. c4 Nf6 3. Nf3 Nbd7 4. Nc3 g6 5. e4 Bg7 6. Be2 e5 7. O-O O-O 8. Re1
exd4 9. Nxd4 Nc5 10. Bf1 Re8 11. f3 a5 12. Ndb5 Re6 13. Be3 Nfd7 14. Qd2 Bf8
15. Rad1 c6 16. Nd4 Re8 17. Qf2 Qe7 18. Qg3 Bg7 19. Bg5 f6 20. Be3 Ne5 21. h3
Ne6 22. f4 Nxd4 23. Bxd4 Nf7 24. Qf2 Bd7 25. b3 Qd8 26. c5 dxc5 27. Bxc5 b5 28.
a4 b4 29. Nb5 Qc8 30. Nd4 f5 31. exf5 Bxf5 32. Bc4 Be4 33. f5 Bd5 34. fxg6 hxg6
35. Bxd5 cxd5 36. Nb5 Rxe1+ 37. Rxe1 d4 38. Bxd4 Qf5 39. Bxg7 Qxf2+ 40. Kxf2
Kxg7 41. Re7 Kf6 42. Ra7 Rxa7 43. Nxa7 Nd6 44. Nc6 Nb7 45. Ke3 Ke6 46. Kd4 Kd6
47. Ne5 g5 48. g3 Ke6 49. Nc4 1-0

[Event "España ch Sel. Autonomicas"]
[Site "Calvia ESP"]
[Date "2007.05.03"]
[Round "1.26"]
[White "Muñoz Perez, Miriam"]
[Black "Redondo Arguelles, Graciela"]
[Result "1/2-1/2"]
[PlyCount "118"]
[EventDate "2007.05.03"]
[EventType "team"]
[EventRounds "5"]
[EventCountry "ESP"]
[Source "lmi"]
[SourceDate "2007.05.03"]
[WhiteElo "2080"]
[BlackElo "2104"]

1. e4 e6 2. d4 d5 3. Nd2 c5 4. exd5 exd5 5. Bb5+ Nc6 6. Ngf3 Bd6 7. dxc5 Bxc5
8. O-O Nge7 9. Nb3 Bd6 10. Bg5 O-O 11. Re1 Bg4 12. c3 Qc7 13. h3 Bh5 14. Qd3 a6
15. Bxc6 bxc6 16. Nbd4 Bg6 17. Qe2 Rfe8 18. Nh4 f6 19. Be3 Be4 20. Qg4 Qc8 21.
Qe6+ Qxe6 22. Nxe6 g5 23. Nf3 Nf5 24. Ned4 Nxe3 25. Rxe3 c5 26. Nb3 Rab8 27.
Nfd2 Bg6 28. Rxe8+ Rxe8 29. Rd1 Re2 30. Nc1 Re7 31. Kf1 Rb7 32. b3 Be5 33. Nf3
Bxc3 34. Rxd5 Rc7 35. Ne2 Bb2 36. Nd2 Kf7 37. Nc4 Ba1 38. Rd1 Be5 39. Nxe5+
fxe5 40. Rd6 c4 41. bxc4 Rxc4 42. Rxa6 Bd3 43. Ra7+ Kg6 44. Ke1 Rc2 45. Ng3 h5
46. Rd7 e4 47. Rd6+ Kf7 48. f3 Rxg2 49. Nxe4 Bxe4 50. fxe4 Rxa2 51. Rd5 Kg6 52.
Rd6+ Kf7 53. Rd5 Rg2 54. Kf1 Rg3 55. h4 gxh4 56. Rxh5 Rg4 57. e5 Ke6 58. Kf2
Ra4 59. Kg2 Kd5 1/2-1/2

[Event "España ch Sel. Autonomicas"]
[Site "Calvia ESP"]
[Date "2007.05.03"]
[Round "1.31"]
[White "Garcia Roman, Daniel"]
[Black "Vallejo Pons, Francisco"]
[Result "1-0"]
[PlyCount "74"]
[EventDate "2007.05.03"]
[EventType "team"]
[EventRounds "5"]
[EventCountry "ESP"]
[Source "lmi"]
[SourceDate "2007.05.03"]
[WhiteElo "2425"]
[BlackElo "2676"]

1. d4 Nf6 2. c4 g6 3. Nc3 d5 4. Nf3 Bg7 5. Bg5 Ne4 6. cxd5 Nxg5 7. Nxg5 e6 8.
Qd2 exd5 9. Qe3+ Kf8 10. h4 h6 11. Nf3 c5 12. dxc5 Nc6 13. O-O-O Be6 14. g3 b6
15. Bh3 Bxh3 16. Rxh3 d4 17. Qe4 Rc8 18. Kb1 bxc5 19. Nd5 Qd7 20. Nf4 Nb4 21.
a3 Re8 22. Qxe8+ Qxe8 23. axb4 Qe4+ 24. Kc1 c4 25. Nd2 Qc6 26. Rhh1 Bf6 27. f3
Kg7 28. Ne4 Be5 29. Kb1 Rb8 30. Rc1 Bxf4 31. gxf4 Rxb4 32. Rc2 Qb6 33. Nf2 h5
34. f5 gxf5 35. Rg1+ Kf8 36. Rg5 Qa5 37. Rd2 c3 1-0

[Event "España ch Sel. Autonomicas"]
[Site "Calvia ESP"]
[Date "2007.05.03"]
[Round "1.32"]
[White "Bellon Lopez, Juan Manuel"]
[Black "Torres Sanchez, Jose"]
[Result "1-0"]
[PlyCount "45"]
[EventDate "2007.05.03"]
[EventType "team"]
[EventRounds "5"]
[EventCountry "ESP"]
[Source "lmi"]
[SourceDate "2007.05.03"]
[WhiteElo "2425"]
[BlackElo "2287"]

1. d4 e6 2. Nf3 Nf6 3. Bg5 d5 4. c4 Be7 5. Nc3 O-O 6. Qc2 c6 7. e3 Nbd7 8. h4
Re8 9. O-O-O Qa5 10. Kb1 dxc4 11. Bxc4 b5 12. Bd3 b4 13. Ne4 Ba6 14. Bxf6 b3
15. axb3 gxf6 16. Qxc6 Bxd3+ 17. Rxd3 Nb6 18. Nc3 Bb4 19. Rc1 Rab8 20. Nd2 Rec8
21. Qf3 Bxc3 22. Rdxc3 Rxc3 23. Qg3+ 1-0

[Event "España ch Sel. Autonomicas"]
[Site "Calvia ESP"]
[Date "2007.05.03"]
[Round "1.33"]
[White "Cantero Navarro, Antonio"]
[Black "Mascaro March, Pedro"]
[Result "0-1"]
[PlyCount "92"]
[EventDate "2007.05.03"]
[EventType "team"]
[EventRounds "5"]
[EventCountry "ESP"]
[Source "lmi"]
[SourceDate "2007.05.03"]
[WhiteElo "2246"]
[BlackElo "2371"]

1. e4 e5 2. Bc4 Nc6 3. Nf3 Be7 4. O-O Nf6 5. d3 O-O 6. Nc3 d6 7. h3 Na5 8. Nh2
c6 9. Bb3 d5 10. exd5 Nxb3 11. axb3 cxd5 12. Re1 d4 13. Nb1 Qc7 14. Nf3 Bd6 15.
Na3 Bd7 16. Nc4 Rfe8 17. Bg5 Nd5 18. Bd2 f6 19. Nxd6 Qxd6 20. c3 dxc3 21. bxc3
a6 22. d4 e4 23. Nh2 f5 24. Qc1 Rac8 25. c4 f4 26. Qd1 Nf6 27. Ng4 Nxg4 28.
hxg4 Qg6 29. f3 e3 30. Bc3 h5 31. gxh5 Qxh5 32. d5 Qh4 33. Re2 Qh6 34. Qd4 Kf7
35. g3 fxg3 36. Rg2 Rh8 37. Qxg7+ Qxg7 38. Bxg7 Kxg7 39. Rxg3+ Kf7 40. Re1 Rce8
41. Re2 Rhg8 42. Kg2 Bf5 43. d6 Bd3 44. Rxe3 Rxg3+ 45. Kxg3 Rxe3 46. d7 Ke7 0-1

[Event "España ch Sel. Autonomicas"]
[Site "Calvia ESP"]
[Date "2007.05.03"]
[Round "1.34"]
[White "Calzetta, Monica"]
[Black "Jordan Martinez, David"]
[Result "1-0"]
[PlyCount "93"]
[EventDate "2007.05.03"]
[EventType "team"]
[EventRounds "5"]
[EventCountry "ESP"]
[Source "lmi"]
[SourceDate "2007.05.03"]
[WhiteElo "2340"]
[BlackElo "2120"]

1. e4 e5 2. Nf3 Nf6 3. Nxe5 d6 4. Nf3 Nxe4 5. Nc3 Nf6 6. d4 Be7 7. h3 Bf5 8.
Bd3 Qd7 9. O-O O-O 10. Re1 Re8 11. Bg5 Nc6 12. a3 Rad8 13. d5 Nb8 14. Be3 a6
15. Nd4 Bxd3 16. Qxd3 g6 17. Re2 Qc8 18. Rae1 Nfd7 19. Bh6 Bf6 20. Ne4 Bg7 21.
Bxg7 Kxg7 22. Qc3 Kg8 23. Nxd6 Rxe2 24. Nxc8 Rxe1+ 25. Qxe1 Rxc8 26. c4 Nf6 27.
Qb4 b6 28. f3 Nbd7 29. Nc6 Re8 30. Kf2 Nc5 31. Kf1 Nd3 32. Qd2 Re1+ 33. Qxe1
Nxe1 34. Kxe1 Kf8 35. Ke2 Ke8 36. Ke3 Kd7 37. Nb8+ Kd6 38. Nxa6 Nd7 39. Nb4 Nc5
40. Nc2 Nb3 41. Nd4 Na5 42. Kd3 h5 43. b4 Nb7 44. h4 f6 45. Ne6 c6 46. dxc6
Kxc6 47. Nf4 1-0

[Event "España ch Sel. Autonomicas"]
[Site "Calvia ESP"]
[Date "2007.05.03"]
[Round "1.35"]
[White "Cucarella Montell, Angels"]
[Black "Tattersall Rodriguez, Lester Antonio"]
[Result "0-1"]
[PlyCount "94"]
[EventDate "2007.05.03"]
[EventType "team"]
[EventRounds "5"]
[EventCountry "ESP"]
[Source "lmi"]
[SourceDate "2007.05.03"]
[WhiteElo "1922"]
[BlackElo "2315"]

1. e4 c5 2. Nf3 d6 3. d4 cxd4 4. Nxd4 Nf6 5. Nc3 a6 6. g3 e5 7. Nb3 Be7 8. Bg2
Qc7 9. a4 b6 10. O-O O-O 11. Re1 Be6 12. Nd2 Nc6 13. Nf1 Nb4 14. Ne3 Rac8 15.
Re2 Rfd8 16. Rd2 Bf8 17. Ncd5 Nbxd5 18. exd5 Bd7 19. c4 g6 20. b3 Ne8 21. Bb2
Bh6 22. Re2 f5 23. Re1 Nf6 24. f4 exf4 25. Bxf6 fxe3 26. Bxd8 Rxd8 27. Ra2 Re8
28. Qd4 Bg7 29. Qf4 Qc5 30. Rae2 Bc3 31. Rd1 Bd2 32. Kh1 Qb4 33. Qf3 Re5 34. h3
b5 35. axb5 axb5 36. Qf4 Qxb3 37. Ra1 Qxc4 38. Bf3 Qxf4 39. gxf4 Re8 40. Ra7
Bc8 41. Ra2 Kf8 42. Rexd2 exd2 43. Rxd2 Re3 44. Kg2 b4 45. Kf2 Rc3 46. h4 b3
47. Bd1 Ba6 0-1

[Event "España ch Sel. Autonomicas"]
[Site "Calvia ESP"]
[Date "2007.05.03"]
[Round "1.36"]
[White "Serrano Bozada, Esteban"]
[Black "Remoli Sargues, Lidia"]
[Result "1-0"]
[PlyCount "67"]
[EventDate "2007.05.03"]
[EventType "team"]
[EventRounds "5"]
[EventCountry "ESP"]
[Source "lmi"]
[SourceDate "2007.05.03"]
[WhiteElo "2108"]
[BlackElo "1902"]

1. e4 e6 2. d4 d5 3. e5 c5 4. c3 Nc6 5. Nf3 Qb6 6. Bd3 Bd7 7. dxc5 Bxc5 8. O-O
Qc7 9. Qe2 Nge7 10. Bf4 a6 11. Nbd2 Ng6 12. Bg3 Rc8 13. h4 Ba7 14. Rfe1 Qb6 15.
Nf1 Na5 16. h5 Ne7 17. h6 g6 18. Bf4 Qc7 19. N1h2 O-O 20. Bg5 Nac6 21. Ng4 Nf5
22. Bxf5 exf5 23. Nf6+ Kh8 24. Nxd5 Qa5 25. c4 Be6 26. Bf6+ Kg8 27. b4 Qa3 28.
Bg7 Bxd5 29. cxd5 Nxb4 30. Bxf8 Rxf8 31. e6 fxe6 32. Qxe6+ Rf7 33. Ng5 Kh8 34.
Qe8+ 1-0

[Event "España ch Sel. Autonomicas"]
[Site "Calvia ESP"]
[Date "2007.05.03"]
[Round "1.41"]
[White "Llaneza Vega, Marcos"]
[Black "Cacho Reigadas, Sergio"]
[Result "0-1"]
[WhiteElo "2455"]
[BlackElo "2470"]
[PlyCount "116"]
[EventDate "2007.05.03"]
[EventType "team"]
[EventRounds "5"]
[EventCountry "ESP"]
[Source "lmi"]
[SourceDate "2007.05.03"]

1. e4 g6 2. d4 c6 3. Nc3 Bg7 4. Bc4 b5 5. Bb3 b4 6. Na4 d5 7. Qf3 Nf6 8. e5
Nfd7 9. Ne2 e6 10. h4 Ba6 11. Nf4 Bb5 12. h5 a5 13. c3 g5 14. h6 Bxe5 15. Nh5
Bf6 16. Nc5 Rg8 17. Nb7 Qe7 18. Bc2 e5 19. Bxh7 exd4+ 20. Be3 Rh8 21. cxd4 Rxh7
22. Ng3 Kf8 23. O-O-O Ra7 24. Qf5 Rh8 25. Rde1 Qe6 26. Qf3 Rxb7 27. Bf4 gxf4
28. Rxe6 fxe6 29. Qxf4 Kf7 30. Nh5 Ke7 31. g4 Rf8 32. Re1 c5 33. Qf5 Bxd4 34.
Qxe6+ Kd8 35. Qe7+ Kc8 36. h7 Nc6 37. Qd6 Nce5 38. Nf4 Nc4 39. Qh6 Rb6 40. Ne6
Bxb2+ 41. Kb1 Bc3 42. Qh2 Rxe6 43. Rxe6 Nd2+ 44. Kc1 Ne4 45. f3 Ng5 46. Rg6
Nxh7 47. Qxh7 Rxf3 48. Rg8+ Kb7 49. Rd8 Rf1+ 50. Kc2 Rf2+ 51. Kc1 Kc7 52. Ra8
Rf1+ 53. Kc2 Rf2+ 54. Kc1 Ba4 55. Qh3 Rc2+ 56. Kb1 Rb2+ 57. Kc1 Rxa2 58. Ra7+
Kb6 0-1

[Event "España ch Sel. Autonomicas"]
[Site "Calvia ESP"]
[Date "2007.05.03"]
[Round "1.42"]
[White "Bolado Saez, Sergio"]
[Black "Gonzalez Menendez, Ivan"]
[Result "1/2-1/2"]
[WhiteElo "2368"]
[BlackElo "2401"]
[PlyCount "85"]
[EventDate "2007.05.03"]
[EventType "team"]
[EventRounds "5"]
[EventCountry "ESP"]
[Source "lmi"]
[SourceDate "2007.05.03"]

1. d4 Nf6 2. Nf3 d5 3. c4 e6 4. e3 Nbd7 5. Bd3 dxc4 6. Bxc4 c6 7. O-O b5 8. Bd3
a6 9. a4 Bb7 10. e4 Qc7 11. Qc2 Rc8 12. Bg5 h6 13. Bh4 Nh5 14. Rc1 g5 15. Bg3
Nxg3 16. hxg3 Qb6 17. Rd1 Bg7 18. e5 c5 19. axb5 axb5 20. Nc3 Bxf3 21. gxf3
cxd4 22. Qe2 dxc3 23. Bxb5 O-O 24. Bxd7 cxb2 25. Rab1 Rb8 26. f4 Rfd8 27. f5
exf5 28. e6 fxe6 29. Bxe6+ Kh8 30. Rxd8+ Rxd8 31. Bxf5 Rf8 32. g4 Qd4 33. Qe6
Qf4 34. Qg6 Rxf5 35. gxf5 Qg4+ 36. Kf1 Qc4+ 37. Kg1 Qg4+ 38. Kf1 Qe4 39. Rxb2
Qh1+ 40. Ke2 Bxb2 41. Qe8+ Kh7 42. Qg6+ Kh8 43. Qe8+ 1/2-1/2

[Event "España ch Sel. Autonomicas"]
[Site "Calvia ESP"]
[Date "2007.05.03"]
[Round "1.43"]
[White "Recuero Guerra, David"]
[Black "Perez Lopez, Jesus Maria"]
[Result "1-0"]
[WhiteElo "2372"]
[BlackElo "2261"]
[PlyCount "103"]
[EventDate "2007.05.03"]
[EventType "team"]
[EventRounds "5"]
[EventCountry "ESP"]
[Source "lmi"]
[SourceDate "2007.05.03"]

1. e4 c6 2. d4 g6 3. Nc3 Bg7 4. f4 d5 5. e5 Nh6 6. Nf3 O-O 7. Be3 f6 8. h3 b6
9. g4 Nf7 10. Bg2 Na6 11. Qe2 fxe5 12. fxe5 Nc7 13. O-O-O a5 14. Qe1 e6 15. h4
h6 16. Ne2 Ba6 17. Nf4 Nh8 18. Qd2 Rf7 19. c3 Qe7 20. Rh3 Raf8 21. h5 g5 22.
Ng6 Nxg6 23. hxg6 Rf4 24. Bxf4 Rxf4 25. Nh2 Qe8 26. Rf3 Rxf3 27. Bxf3 Qxg6 28.
Be2 Bc4 29. Qe3 Bf8 30. Bd3 Bxd3 31. Rxd3 c5 32. dxc5 Bxc5 33. Qe2 Ne8 34. Nf3
Qe4 35. Nd4 Qf4+ 36. Kc2 Ng7 37. Rf3 Qe4+ 38. Qxe4 dxe4 39. Rf6 h5 40. gxh5 Be7
41. Rf1 Nxh5 42. Nxe6 g4 43. Nf4 Ng7 44. Rg1 Kf7 45. Rxg4 Nf5 46. Kd2 Bc5 47.
Ke2 Ne3 48. e6+ Kf6 49. Nh5+ Kf5 50. Rf4+ Ke5 51. b4 axb4 52. cxb4 1-0